00901nam a22002417a 4500999001700000003000900017008004100026040007100067082002400138100002100162245003800183260003100221300005100252440003600303505008300339650002100422650001800443650001500461700004300476942001600519945002000535952010400555 c11962d11962AR-CdUCM190405b ||||| |||| 00| 0 spa d aMUNICIPALIDAD PROVINCIAL DEL CUSCOcBIBLIOTECA MUNICIPAL DEL CUSCO a918.5 /bS57 / 1931 aSievers, Wilhelm aGeografía de Bolivia y Perú / aBarcelona ;bLabor,c1931. a221, XVI páginas ;bIlustraciones,c18.5 cm. aColección labor ;nVII929599 aContenido: Bolivia (república boliviana) -- Perú (república del Perú). aGeografía9318 aBolivia91138 aPerú935 aSalas, Carlos de (traducción)929600 2ddccLIBROS aacvd05/04/2019 002ddc4070aSCAbSCAcCARTd2019-04-05g85.00o918.5 / S57 / 1931pSCA0001780r2019-04-05yLIBROS